Bacchus : a biography /

محفوظ في:

المؤلف الرئيسي: Dalby, Andrew, 1947- (مؤلف)

التنسيق: كتاب

اللغة: English

منشور في: Los Angeles, Calif. : J. Paul Getty Museum, 2004.

الموضوعات:

الوسوم: إضافة وسم

لا توجد وسوم, كن أول من يضع وسما على هذه التسجيلة!

رقم الطلب: BL820 .B2 D35 2004

LEADER 00939namaa2200253 4500
001 11829
003 OSt
005 20240714123025.0
008 130303s2004 caua b 001 0beng d
952 |0 0  |1 0  |2 lcc  |4 0  |6 BL0820 B2 D35 02004  |7 1  |9 10920  |a ARCE  |b ARCE  |d 2021-03-08  |l 0  |o BL820 .B2 D35 2004  |p 1012356  |r 2021-03-08 00:00:00  |w 2021-03-08  |y BK 
999 |c 19865  |d 19865 
010 |a 2003108916 
020 |a 0892367423 
040 |c ARCE Library 
050 4 |a BL820 .B2 D35 2004 
100 1 |a Dalby, Andrew,  |d 1947-  |e author  |9 28559 
245 1 0 |a Bacchus :   |b a biography /   |c Andrew Dalby. 
264 1 |a Los Angeles, Calif. :   |b J. Paul Getty Museum,   |c 2004. 
300 |a 168 pages :  |b color illustrations ;  |c 23 cm. 
500 |a Originally published in the U.K. in 2003 by the British Museum Press. 
504 |a Includes bibliographical references (pages [160]-162) and index. 
600 0 0 |a Dionysus  |c (Greek deity) 
901 |a reviewed 
942 |c BK  |2 lcc